| 000 | 01573nam a2200397 4500 | ||
|---|---|---|---|
| 003 | PE-LiUPU | ||
| 005 | 20250731173118.0 | ||
| 008 | 210817n 000 0 eng u | ||
| 020 | _a9789004219304 | ||
| 035 | _a(Sirsi) a252878 | ||
| 082 | 0 | 4 |
_a234.163088283 _bD77 _223 |
| 100 | 1 |
_aDouglas, Brian (Brian E.) _eautor |
|
| 245 | 1 | 2 |
_aA companion to anglican eucharistic theology : _bVolume 1 : The Reformation to the 19th Century / _cBrian Douglas. |
| 264 |
_aLeiden ; Boston : _bBrill, _c2012 |
||
| 300 |
_a[IX] 679 páginas ; _c25 centímetros. |
||
| 500 | _aIncluye referencias bibliográficas e indice. | ||
| 505 | 0 | _aV. 1. The Reformation to the 19th century -- Anglican Eucharitic Theology?. - The Period of the Reformation. -The Seventeenth and Eighteenth. -The Nineteenth Century. -Dialogue and the Anglican Eucharistic Tradition. | |
| 526 | _aSEG42 | ||
| 526 | _aSEG41 | ||
| 526 | _aSEG40 | ||
| 526 | _aSEG39 | ||
| 526 | _aP94 | ||
| 526 | _aP87 | ||
| 526 | _aP86 | ||
| 526 | _aP85 | ||
| 526 | _aP77 | ||
| 526 | _aP76 | ||
| 526 | _aP35 | ||
| 650 | 0 | 4 |
_aCena del Señor _xComunión Anglicana _xHistoria. |
| 650 | 0 | 4 |
_aComunión Anglicana _xDoctrinas _xHistoria. |
| 598 | _aCATALOGING | ||
| 596 | _a1 | ||
| 942 |
_2ddc _cBOOK |
||
| 949 |
_a234.163088283 D77 _wDEWEY _c1 _i70893 _mBC _p250.00 _r0 _sY _tLIBRO _u2021-04-20 _xFACTEO _zTeología _oSTAFF. Colección General |
||
| 999 |
_a234.163088283 D77 _wDEWEY _c32075 _i70893 _f2022-6-8 _g1 _lCCODEBUL1 _mBUL _p250.00 _r0 _sY _tBOOK _u2021-8-17 _xTEOLOGIA _PP35 _0UNKNOWN _d32075 |
||
| 980 |
_81 _gALBERTO SANCHEZ Responsable de Automatización |
||